000 00548nam a2200145 i 4500
001 131592
003 ES-MaACL
005 20230906194018.0
007 t|
008 070214s1902 sp r ||||1| spa d
100 1 _aZafra, Diego José Rodríguez de Bahamonde Lanz
_cMarqués de.
_9134009
245 1 0 _aFomento económico y simultáneo de la población, de la cultura, del trabajo, del crédito y de la riqueza de España /
_cDiego José Rodríguez de Bahamonde y de Lanz.
260 _aMadrid :
_b[s.n.],
_c1902.
852 _aES-MaACL
_jT-1230-F-11
999 _c131592
_d131592